|
|
|
|
| LEADER |
00738nam a2200181Ia 4500 |
| 001 |
124266 |
| 008 |
170722s9999 xx 000 0 und d |
| 020 |
|
|
|a 0195648706
|
| 245 |
|
|
|a Public report on basic education in India /
|
| 260 |
|
|
|a New Delhi :
|b Oxford University Press ,
|c 1999.
|
| 300 |
|
|
|a 156 p.
|c 28cms
|
| 653 |
|
|
|a Elementary Education
|
| 653 |
|
|
|a India
|
| 653 |
|
|
|a Report
|
| 942 |
|
|
|c GEN
|
| 999 |
|
|
|c 118429
|d 118429
|
| 952 |
|
|
|0 0
|1 0
|4 0
|6 T_15_200000000000000_N9T4_N9RN91
|7 0
|8 LC1
|9 167440
|a LIB
|b LIB
|d 2017-08-12
|h LC1
|o T15.2.N9t4 N9(R)-N9;1
|p 232434
|r 2017-08-12
|v 150.00
|w 2017-08-12
|y GEN
|
| 952 |
|
|
|0 0
|1 0
|4 0
|6 T_15_200000000000000_N9T4_N9RN91
|7 0
|9 167441
|a LIB
|b LIB
|d 2017-08-12
|o T15.2.N9t4 N9(R)-N9;1
|p 238008
|r 2017-08-12
|v 150.00
|w 2017-08-12
|y GEN
|